Les 20 villes les plus peuplées de la Vendée (85) - Statistiques

Statistiques générales
  • Ce quiz a été pris 110 fois
  • Le résultat moyen est 9 sur 20
Statistiques - réponses
HINT HINT ANSWER % Correct
54 699 L La Roche-sur-Yon
100%
48 740 L Les Sables-d'Olonne
94%
22 890 C Challans
83%
16 589 L Les Herbiers
80%
13 806 F Fontenay-le-Comte
71%
9 450 L Luçon
59%
8 140 S Saint-Gilles-Croix-de-Vie
51%
20 754 M Montaigu-Vendée
48%
8 518 C Chantonnay
44%
5 641 P Pouzauges
41%
10 218 A Aizenay
40%
8 637 L Le Poiré-sur-Vie
37%
8 327 T Talmont-Saint-Hilaire
36%
8 809 S Saint-Jean-de-Monts
34%
12 923 S Saint-Hilaire-de-Riez
33%
6 065 M Mortagne-sur-Sèvre
16%
6 835 E Essarts en Bocage
14%
7 129 A Aubigny-Les Clouzeaux
13%
6 239 B Bellevigny
13%
6 401 S Sèvremont
10%
Aucun quiz correspondant
Distribution des résultats
% des personnes avec chaque résultat
Percentile par nombre de réponses
Votre historique - résultats
Vous n’avez pas pris ce quiz